| 000 | 00713nam a2200229 a 4500 | ||
|---|---|---|---|
| 001 | BRCA_2834 | ||
| 005 | 20190320204006.0 | ||
| 008 | 091208s1961----enka---###---#000-0#eng-# | ||
| 050 | 4 |
_aDD247 _b.K47K4 1961 |
|
| 100 | 1 |
_aKessel, Joseph _97935 |
|
| 245 | 1 | 0 |
_aThe magic touch _cJoseph Kessel ; tr. from the French by Denise Folliot ; with an introduction by H. R. Trevor. |
| 260 |
_aLondon _bRuper Hart-Davis _c1961 |
||
| 300 |
_a254 p. _bil. _c21 cm. |
||
| 500 | _aIncluye apéndice | ||
| 500 | _aAA25 | ||
| 600 | 1 | 4 |
_aKersten, Felix _97936 |
| 650 | 1 | 4 |
_aGuerra Mundial _y1939-1945 _97638 |
| 650 | 1 | 4 |
_aServicio secreto _zAlemania _97639 |
| 700 | 1 |
_aFolliot, Denise _etr _97937 |
|
| 902 | _aGFM | ||
| 942 |
_2lcc _cB |
||
| 999 |
_c2573 _d2573 |
||